| 000 | 00614nam a2200229Ia 4500 | ||
|---|---|---|---|
| 003 | OSt | ||
| 005 | 20230328162719.0 | ||
| 008 | 210423s2005 xx 000 0 und d | ||
| 020 | _a- | ||
| 040 | _cAL | ||
| 041 | _aeng | ||
| 082 | _a343.0998 AHUB | ||
| 100 |
_aAHUJA (B N) _979254 |
||
| 245 | _aHistory of press press laws and communications | ||
| 260 |
_aNew Delhi _bResearch and Education Association _c2005 |
||
| 300 |
_avi,239 _bPB |
||
| 365 |
_b160 _cINR |
||
| 650 |
_aLaw _979255 |
||
| 650 |
_aMilitary Tax Trade Law _979256 |
||
| 906 | _acommunications ; History ; laws ; press | ||
| 942 |
_2ddc _cBK |
||
| 999 |
_c156280 _d156280 |
||